000 nam a22 7a 4500
999 _c7808
_d7808
008 171016b xxu||||| |||| 00| 0 eng d
100 _aMohan.R.etal.
_9850
245 _aMathville-7
260 _aNew Delhi